000 00866nam a2200229Ia 4500
001 11508
003 GE_BSU
008 181216s||||||||xx |||||||||||||| ||und||
040 _cGE_BSU
080 _a631.85(075.8)
100 _aონიანი,ოთარ.
245 _aფოსფორის აგროქიმია.
245 _bდამხმარე სახელმძღვ.სას.სამ.უმაღლესი სასწ.ტუდენტებისათვის.
245 _cრედ:ტ.ხავთასი;გარეკანის მხატვ:ო.მესხი.
260 _aთბილისი.
260 _bგანათლება.
260 _c1980.
300 _a397გვ;22სმ.
300 _eცხრ.
653 _aფოსფორის აგროქიმია.
942 _cBK
999 _c44703
_d44703